000 00823nam a22002297a 4500
001 114456
003 DR-UNIBE
005 20260323112352.0
008 260313b2006 pn ||||| |||| 00| 0 spa d
020 _a9962001110
040 _aBIBLIOTECA UNIBE
_bspa
_cBIBLIOTECA UNIBE
_erda
041 _aspa
082 _a342.085 M976L
100 _aMurgas Torrazza, Rafael Ángel
_eautor
_9203256
245 1 3 _aLa legitimidad pasiva en el amparo /
_cRafael Ángel Murgas Torrazza
260 _aPanamá :
_bArticsa,
_c2006
300 _a136 páginas
505 _aI. Cuestiones preliminares | II. la legitimidad pasiva en España | III. La legitimidad pasiva en Panamá |
650 7 _2lemb
_aRecurso de amparo
_zPanama
_9203602
650 7 _2lemb
_aDerecho constitucional
_xProcedimiento
_zPanama
_9203603
942 _2ddc
_cBK
999 _c114456
_d114456